| 000 | 00378nam a2200145Ia 4500 | ||
|---|---|---|---|
| 008 | 230917s9999||||xx |||||||||||||| ||und|| | ||
| 040 |
_e160366 _aMAIN |
||
| 041 | _aEnglish | ||
| 082 | _a338.4791 A27I | ||
| 100 | _aAndrews, Sudhir | ||
| 245 | 0 | _aIntroduction to tourism and hospitality industry | |
| 260 |
_aDelhi _bTata McGraw-Hill _c2007 |
||
| 300 | _a236 p. | ||
| 942 | _cBK | ||
| 999 |
_c146245 _d146245 |
||